241203 - Quiz quotidien du 3 décembre 2024 - Statistiques

Statistiques générales
  • Ce quiz a été pris 43 fois
  • Le résultat moyen est 6 sur 10
Statistiques - réponses
Question Réponse % Correct
Quelle est la capitale de facto de l'Union européenne ? Bruxelles
100%
Qui est considéré comme le premier empereur romain ? Auguste
91%
Dans l'alphabet militaire de l'OTAN, A est Alpha et B est Bravo. Que représente C ? Charlie
91%
L'os le plus petit du corps humain est l'étrier. Où se trouve-t-il ? Oreille
91%
Qu'est-ce qui a prétendument tué 15 personnes par jour à Strasbourg pendant une période de deux mois en 1518 ? Danser jusqu'à l'épuisement
82%
Sur quel lac trouve-t-on la ville de Bellagio ? Lac de Côme
82%
Les chansons de quel groupe sont présentes dans la comédie musicale *Mamma Mia !* ? ABBA
73%
Quel est l'État le plus peuplé d'Australie ? Nouvelle-Galles du Sud
18%
Quel animal a été réintroduit dans le parc national de Yellowstone dans les années 1990 ? Loups
9%
Qui a enregistré le tube de 1994 *Kiss From a Rose* ? Seal
9%
Aucun quiz correspondant
Distribution des résultats
% des personnes avec chaque résultat
Percentile par nombre de réponses
Votre historique - résultats
Vous n’avez pas pris ce quiz